Physical Methods in Inorganic Chemistry

Bibliographic Details
Main Author: Drago, Russell S
Format: Section = Libro
Language:Undetermined
Spanish
Published: New York Reinhold Publishing Corporation 1965
Subjects:
LEADER 00581nam a2200193Ia 4500
008 240830s9999 xx 000 0 und d
040 |a CEDOC FIQ-RUSB / 546 D759 
041 |a spa 
082 |a 546 D759 
100 1 |a Drago, Russell S 
245 1 0 |a Physical Methods in Inorganic Chemistry 
260 |a New York  |b Reinhold Publishing Corporation  |c 1965 
300 |a 430 p. :il. 
650 7 |a QUÍMICA INORGÁNICA 
650 7 |b  SÍMBOLO DE TÉRMINO Y EL MÉTODO DE VECTOR 
650 7 |c  ENERGETICA DE LA FORMACION DE BONDAS HIBRIDAS 
942 |c BK  |2 ddc 
991 |a TEXTO 
999 |c 13947